[Event "Gdansk op 12th "]
[Site "Gdansk"]
[Date "2010.07.18"]
[Round "2"]
[White "Marszk, Kazimierz"]
[Black "Ziolkowski, Marcin"]
[Result "1/2-1/2"]
[WhiteElo "2111"]
[BlackElo "1816"]
[PlyCount "106"]
[EventDate "2010.07.17"]
[EventType "swiss"]
[EventRounds "9"]
[EventCountry "POL"]
[SourceTitle "EXT 2011"]
[Source "ChessBase"]
[SourceDate "2010.11.26"]
[SourceVersion "1"]
[SourceVersionDate "2010.11.26"]
[SourceQuality "1"]

1. e4 c6 2. d4 d5 3. Nc3 dxe4 4. Nxe4 Bf5 5. Ng3 Bg6 6. Nf3 Nd7 7. Be3 Ngf6 8. h4 Nh5 9. Ne2 h6 10. c3 e6 11. Nf4 Nxf4 12. Bxf4 Be7 13. Bd3 Bxd3 14. Qxd3 Qa5 15. g4 Nf6 16. Ne5 Nd5 17. Bg3 Bf6 18. Nc4 Qa6 19. Nd6+ Kf8 20. Qxa6 bxa6 21. 0-0-0 Be7 22. Nc4 Rc8 23. Rhe1 c5 24. Nd6 Rc6 25. dxc5 Rxc5 26. Ne4 Rc6 27. Kb1 g6 28. Rd4 f5 29. Nd2 Bf6 30. Be5 Bxe5 31. Rxe5 Kf7 32. c4 Rhc8 33. b3 Nb6 34. Ra5 R8c7 35. Nf3 Rc5 36. b4 Rxa5 37. bxa5 Nxc4 38. Rxc4 Rxc4 39. Ne5+ Kf6 40. Nxc4 fxg4 41. Kc2 h5 42. Kd3 g5 43. hxg5+ Kxg5 44. Ke2 Kf4 45. Kf1 e5 46. Kg2 e4 47. Ne3 h4 48. Nd5+ Ke5 49. Nb4 Kf4 50. Nd5+ Ke5 51. Nc3 Kf4 52. Ne2+ Ke5 53. Kg1 Kf5 1/2-1/2

[Event "Tczew-ch"]
[Site "Tczew"]
[Date "2008.12.20"]
[Round "7.3"]
[White "Krzywkowski, Marcin"]
[Black "Ziolkowski, Marcin"]
[Result "1-0"]
[WhiteElo "1984"]
[BlackElo "1805"]
[PlyCount "120"]
[EventDate "2008.10.21"]
[EventType "swiss"]
[EventRounds "9"]
[EventCountry "POL"]
[SourceTitle "EXT 2023"]
[Source "ChessBase"]
[SourceDate "2022.10.05"]
[SourceVersion "1"]
[SourceVersionDate "2022.10.05"]
[SourceQuality "1"]

1. e4 e5 2. Nf3 Nc6 3. Bb5 a6 4. Ba4 Nf6 5. 0-0 b5 6. Bb3 Bc5 7. c3 d6 8. a4 Bb7 9. d4 exd4 10. cxd4 Bb4 11. Nc3 Na5 12. Bc2 Bxc3 13. bxc3 0-0 14. Re1 Re8 15. Bg5 h6 16. Bxf6 Qxf6 17. Qd3 Nc4 18. axb5 axb5 19. e5 Qg6 20. Qxg6 fxg6 21. Bxg6 Rxa1 22. Rxa1 Ra8 23. Rxa8+ Bxa8 24. exd6 Nxd6 25. Nd2 Bd5 26. f3 Kf8 27. Be4 Bf7 28. Bc6 Ke7 29. Kf2 Be6 30. g4 Bc8 31. h3 Be6 32. Ke3 Bf7 33. d5 Bg6 34. Kd4 Bc2 35. Kc5 Bd3 36. Kd4 Be2 37. f4 g6 38. Nb3 h5 39. gxh5 Bxh5 40. Nc5 Be2 41. Ne6 Bf1 42. Nxc7 Bxh3 43. Nxb5 Nf5+ 44. Ke5 Ne3 45. Kd4 Nf5+ 46. Kc5 Kd8 47. c4 Ng7 48. Kd4 Bf1 49. Nd6 Ke7 50. Nb7 Nf5+ 51. Kc5 Kf6 52. Nd8 g5 53. fxg5+ Kxg5 54. Bd7 Ne3 55. Bb5 Kf6 56. d6 Ng4 57. Nc6 Ke6 58. Nd4+ Kf7 59. d7 Bxc4 60. d8Q Ba2 1-0

[Event "Tczew-ch"]
[Site "Tczew"]
[Date "2008.11.18"]
[Round "4.3"]
[White "Ziolkowski, Marcin"]
[Black "Dombrowski, Bartosz"]
[Result "1/2-1/2"]
[WhiteElo "1805"]
[BlackElo "1955"]
[PlyCount "99"]
[EventDate "2008.10.21"]
[EventType "swiss"]
[EventRounds "9"]
[EventCountry "POL"]
[SourceTitle "EXT 2023"]
[Source "ChessBase"]
[SourceDate "2022.10.05"]
[SourceVersion "1"]
[SourceVersionDate "2022.10.05"]
[SourceQuality "1"]

1. e4 c5 2. Nf3 d6 3. d3 Nc6 4. g3 g6 5. Bg2 Bg7 6. c3 Nf6 7. 0-0 0-0 8. Nbd2 Rb8 9. Ne1 b5 10. f4 Qc7 11. Qc2 b4 12. Nc4 Nd7 13. Bd2 Ba6 14. Ne3 bxc3 15. Bxc3 Nd4 16. Qd2 Nb6 17. Rc1 Qd7 18. b3 e6 19. Nc4 d5 20. Nxb6 Rxb6 21. e5 Nf5 22. Nc2 Bb7 23. d4 cxd4 24. Nxd4 Ba6 25. Rfd1 Rc8 26. Nxf5 gxf5 27. Bd4 Rb7 28. Rxc8+ Qxc8 29. Rc1 Rc7 30. Rxc7 Qxc7 31. Qc3 Qb7 32. Qc5 Bf8 33. Qxa7 Qb5 34. Kh1 Qd3 35. Bg1 h5 36. Qf2 h4 37. gxh4 Kh7 38. h3 Bb4 39. Kh2 Bd2 40. Qd4 Qc2 41. Be3 Bc3 42. Qa7 Bf1 43. Qxf7+ Kh8 44. Qg6 d4 45. Qh6+ Kg8 46. Qxe6+ Kg7 47. Qf6+ Kg8 48. Qg6+ Kh8 49. Qe8+ Kg7 50. Qe7+ 1/2-1/2

[Event "Gdansk op"]
[Site "Gdansk"]
[Date "2008.07.22"]
[Round "5"]
[White "Ossowski, Boleslaw"]
[Black "Ziolkowski, Marcin"]
[Result "1/2-1/2"]
[WhiteElo "1691"]
[BlackElo "1802"]
[PlyCount "111"]
[EventDate "2008.07.19"]
[EventType "swiss"]
[EventRounds "9"]
[EventCountry "POL"]
[SourceTitle "EXT 2009"]
[Source "ChessBase"]
[SourceDate "2008.11.26"]
[SourceVersion "1"]
[SourceVersionDate "2008.11.26"]
[SourceQuality "1"]

1. d4 d5 2. c4 c6 3. Nf3 Bf5 4. Nc3 Nf6 5. cxd5 cxd5 6. e3 Nc6 7. Nh4 Bg4 8. f3 Bh5 9. g4 Bg6 10. Nxg6 hxg6 11. Bg2 e6 12. a3 Rc8 13. h3 Bd6 14. f4 Nd7 15. Qf3 Qh4+ 16. Qf2 Qxf2+ 17. Kxf2 f5 18. g5 Na5 19. Rd1 Nb3 20. Rb1 a6 21. Rd3 Nb6 22. Ne2 Na5 23. Bd2 Nac4 24. Bc1 Kd7 25. Nc3 Be7 26. Ra1 Nd6 27. Bd2 Nbc4 28. Bc1 Ne4+ 29. Nxe4 fxe4 30. Rc3 b5 31. Ke2 Nb6 32. Kd2 a5 33. Rxc8 Rxc8 34. b3 Na8 35. Ra2 Nc7 36. Rc2 Rb8 37. Bf1 Ne8 38. Bb2 Bd6 39. Rc1 Rb6 40. Be2 Nc7 41. Rh1 Rb8 42. h4 Rh8 43. h5 gxh5 44. Rxh5 Rxh5 45. Bxh5 Na6 46. Bg6 Nb8 47. Bh5 Nc6 48. Bg4 Ne7 49. Be2 Kc6 50. a4 bxa4 51. bxa4 Nf5 52. Bb5+ Kb6 53. Bd7 Bb4+ 54. Ke2 Nd6 55. Bxe6 Kc6 56. f5 1/2-1/2

[Event "Tczew-ch UKS Centrum"]
[Site "Tczew"]
[Date "2008.05.13"]
[Round "9"]
[White "Bodio, Leszek"]
[Black "Ziolkowski, Marcin"]
[Result "1/2-1/2"]
[WhiteElo "1820"]
[BlackElo "1889"]
[PlyCount "75"]
[EventDate "2008.04.01"]
[EventType "tourn"]
[EventRounds "9"]
[EventCountry "POL"]
[SourceTitle "EXT 2023"]
[Source "ChessBase"]
[SourceDate "2022.10.05"]
[SourceVersion "1"]
[SourceVersionDate "2022.10.05"]
[SourceQuality "1"]

1. Nf3 Nf6 2. d4 g6 3. c4 Bg7 4. Nc3 d6 5. e4 Nbd7 6. Be2 0-0 7. 0-0 e5 8. d5 Nc5 9. Bg5 h6 10. Bxf6 Bxf6 11. b4 Nd7 12. Rc1 b6 13. Na4 Bg7 14. Nd2 f5 15. f3 Nf6 16. c5 Nh5 17. Re1 Nf4 18. Bf1 Qg5 19. Kh1 Nh5 20. cxd6 cxd6 21. Rc6 Rf6 22. Qc1 Bd7 23. Rc7 Bxa4 24. b5 f4 25. Qc4 Ng3+ 26. Kg1 Nxf1 27. Nxf1 Bxb5 28. Qxb5 Rf7 29. Rec1 Rxc7 30. Rxc7 Qd8 31. Rd7 Qe8 32. Qc6 Bf8 33. Qb7 a5 34. Rc7 Rb8 35. Qa7 Qd8 36. Rh7 Qe8 37. Rc7 Qd8 38. Rh7 1/2-1/2

[Event "Tczew-ch UKS Centrum"]
[Site "Tczew"]
[Date "2008.05.10"]
[Round "1"]
[White "Belczewski, Arkadiusz"]
[Black "Ziolkowski, Marcin"]
[Result "0-1"]
[WhiteElo "1619"]
[BlackElo "1889"]
[PlyCount "102"]
[EventDate "2008.04.01"]
[EventType "tourn"]
[EventRounds "9"]
[EventCountry "POL"]
[SourceTitle "EXT 2023"]
[Source "ChessBase"]
[SourceDate "2022.10.05"]
[SourceVersion "1"]
[SourceVersionDate "2022.10.05"]
[SourceQuality "1"]

1. f4 b6 2. Nf3 Bb7 3. e3 d6 4. d4 Nd7 5. c4 c5 6. d5 g6 7. Nc3 Bg7 8. Qc2 a6 9. Bd3 Qc7 10. g4 e6 11. e4 exd5 12. exd5 0-0-0 13. Bd2 Re8+ 14. Ne2 Ne7 15. Bc3 Bxc3+ 16. Qxc3 f6 17. 0-0-0 Kb8 18. Kb1 Nc8 19. Qb3 Re3 20. Rhf1 Rhe8 21. Rde1 Nf8 22. Nfg1 Qd7 23. h3 f5 24. g5 Ka7 25. Qd1 Qe7 26. Bc2 b5 27. cxb5 axb5 28. Qd2 Nb6 29. Rd1 Nc4 30. Qc1 Rxe2 31. Nxe2 Ne3 32. Nc3 Nxf1 33. Nxb5+ Kb6 34. Rd3 Ba6 35. Rb3 Bxb5 36. Bd3 Qe1 37. Rxb5+ Kc7 38. a4 Qxc1+ 39. Kxc1 Ne3 40. a5 Nxd5 41. Bc4 Nb4 42. Rb6 Nd7 43. Rb5 Nb8 44. Kd2 N8c6 45. Rb6 Nxa5 46. Rxb4 cxb4 47. Bd3 d5 48. h4 Nc4+ 49. Bxc4 dxc4 50. Kc2 Re2+ 51. Kb1 b3 0-1

[Event "Tczew-ch"]
[Site "Tczew"]
[Date "2007.11.21"]
[Round "8.4"]
[White "Kwasniewski, Jerzy"]
[Black "Ziolkowski, Marcin"]
[Result "1-0"]
[WhiteElo "2000"]
[BlackElo "1800"]
[PlyCount "87"]
[EventDate "2007.10.02"]
[EventType "swiss"]
[EventRounds "9"]
[EventCountry "POL"]
[SourceTitle "EXT 2023"]
[Source "ChessBase"]
[SourceDate "2022.10.05"]
[SourceVersion "1"]
[SourceVersionDate "2022.10.05"]
[SourceQuality "1"]

1. d4 Nf6 2. f4 b6 3. Nf3 Bb7 4. e3 d6 5. Bd3 Nbd7 6. 0-0 c5 7. Qe2 Qc7 8. c4 e5 9. fxe5 dxe5 10. Bf5 Bd6 11. dxe5 Nxe5 12. Nc3 a6 13. e4 0-0 14. Bg5 Nxf3+ 15. gxf3 Be5 16. Rad1 Rad8 17. Nd5 Bxd5 18. cxd5 h6 19. Bh4 g5 20. Qg2 Bf4 21. Be1 Nd7 22. Qh3 Kg7 23. Bxd7 Qxd7 24. Qxd7 Rxd7 25. Bg3 Bxg3 26. hxg3 Re8 27. Rfe1 f6 28. Kf2 b5 29. f4 Red8 30. Kf3 c4 31. Re2 a5 32. Red2 Rc8 33. e5 b4 34. d6 fxe5 35. fxe5 Kf7 36. Ke4 Ke6 37. Rf2 Rf7 38. Rxf7 Kxf7 39. Kd5 c3 40. e6+ Kf8 41. Rf1+ Kg8 42. d7 Rd8 43. Kd6 cxb2 44. e7 1-0